La enfermedad : (Registro nro. 3158)

Detalles MARC
000 -CABECERA
campo de control de longitud fija 01050nam a22002537a 4500
003 - IDENTIFICADOR DEL NÚMERO DE CONTROL
campo de control AR-RoIUNI
005 - FECHA Y HORA DE LA ÚLTIMA TRANSACCIÓN
campo de control 20260309103445.0
007 - CAMPO FIJO DE DESCRIPCIÓN FÍSICA--INFORMACIÓN GENERAL
campo de control de longitud fija ta
008 - DATOS DE LONGITUD FIJA--INFORMACIÓN GENERAL
campo de control de longitud fija 160817s2007 ag aod|fr|||| 001 0 spa d
020 ## - NÚMERO INTERNACIONAL ESTÁNDAR DEL LIBRO
Número Internacional Estándar del Libro 9509129860
040 ## - FUENTE DE LA CATALOGACIÓN
Centro catalogador/agencia de origen AR-RoIUNI
Centro/agencia transcriptor AR-RoIUNI
Lengua de catalogación spa
Normas de descripción aarc2
080 ## - NÚMERO DE LA CLASIFICACIÓN DECIMAL UNIVERSAL
Número de la Clasificación Decimal Universal 316 BER
100 1# - ENTRADA PRINCIPAL--NOMBRE DE PERSONA
Nombre de persona Berlinguer, Giovanni
245 13 - MENCIÓN DE TÍTULO
Título La enfermedad :
Resto del título sufrimiento, diferencia, peligro, señal, estímulo. /
Mención de responsabilidad, etc. Giovanni Berlinguer
250 ## - MENCIÓN DE EDICIÓN
Mención de edición 1a ed. ; 1a reimpr.
260 ## - PUBLICACIÓN, DISTRIBUCIÓN, ETC. (PIE DE IMPRENTA)
Lugar de publicación, distribución, etc. Buenos Aires :
Nombre del editor, distribuidor, etc. Lugar,
Fecha de publicación, distribución, etc. 2007.
300 ## - DESCRIPCIÓN FÍSICA
Extensión 144 p. ;
Dimensiones 23 cm
520 ## - SUMARIO, ETC.
Sumario, etc. El presente es un libro claro, sencillo, de lectura indicada para quienes quieran tener una visión del desarrollo de los significados de la enfermedad a lo largo de la historia. Desde la pelagra hasta el SIDA, desde hipócrates hasta el peligro atómico, así como epidemiología, arte, política, etc. son temas abordados con gran erudición y sencillez.
650 10 - PUNTO DE ACCESO ADICIONAL DE MATERIA--TÉRMINO DE MATERIA
Término de materia o nombre geográfico como elemento inicial Enfermería
9 (RLIN) 86
650 10 - PUNTO DE ACCESO ADICIONAL DE MATERIA--TÉRMINO DE MATERIA
Término de materia o nombre geográfico como elemento inicial Salud pública
9 (RLIN) 455
650 #4 - PUNTO DE ACCESO ADICIONAL DE MATERIA--TÉRMINO DE MATERIA
Término de materia o nombre geográfico como elemento inicial ENFERMEDAD
650 #0 - PUNTO DE ACCESO ADICIONAL DE MATERIA--TÉRMINO DE MATERIA
Término de materia o nombre geográfico como elemento inicial Historia
9 (RLIN) 65
942 ## - ELEMENTOS DE PUNTO DE ACCESO ADICIONAL (KOHA)
Fuente del sistema de clasificación o colocación Clasificación Decimal Universal
Tipo de ítem Koha Libros
Existencias
Estado de retiro Estado de pérdida Fuente del sistema de clasificación o colocación Estado dañado Restricciones de uso Excepción de préstamo Código de colección Localización permanente Ubicación/localización actual Ubicación en estantería Fecha de adquisición Número de inventario Total de préstamos Signatura topográfica completa Código de barras Fecha visto por última vez Tipo de ítem Koha
    Clasificación Decimal Universal   Consulta en biblioteca   Enfermería BIBLIOTECA CRESPO BIBLIOTECA CRESPO BIBLIOTECA CRESPO 05/12/2018 4683   316 BER 4683c 05/12/2018 Libros